| 000 | 00361 a2200169 4500 | ||
|---|---|---|---|
| 001 | 56438 | ||
| 020 | _a | ||
| 040 | _cAnchieta - Pituba | ||
| 100 | _aAzevedo, Maria Alice Penha | ||
| 240 | 1 | 0 |
_aO milagre do amor _lpor |
| 245 | 1 | 0 | _aO milagre do amor |
| 300 | _a102 | ||
| 362 | 0 | _a1989 | |
| 440 | 1 | _aPaulinas | |
| 650 | 4 | _aLiteratura juvenil | |
| 942 | _cBK | ||
| 999 |
_c56438 _d56438 |
||